Score 0/20 Timer 04:00
15 Plays Today
% Correct
Die
98.4%
Despicable
98.4%
Dirty
98.2%
District
97.1%
Django
96.9%
Doctor
96.6%
Darkest
96.2%
Dick
93.9%
Donnie
93.4%
Demolition
92.7%
% Correct
Due
92.3%
Dark
91.2%
Das
90.4%
Dangerous
89.7%
Duck
89.4%
Dante's
89.4%
Death
88.3%
Dolphin
84.3%
Double
84.2%
Dracula
83.5%
Remove Ads.
Support Sporcle.
Get the best of Sporcle when you Go Orange. This ad-free experience offers more features, more stats, and more fun while also helping to support Sporcle. Thank you for becoming a member.

You're not logged in!

Compare scores with friends on all Sporcle quizzes.
OR
Log In

Show Comments

Extras

Top Quizzes Today


Score Distribution

Your Account Isn't Verified!

In order to create a playlist on Sporcle, you need to verify the email address you used during registration. Go to your Sporcle Settings to finish the process.

Report this User

Report this user for behavior that violates our Community Guidelines.

Details: